000
00261nam a2200109 a 4500
005
20140513081050.0
008
020606s19uu xx 00 eng d
050
_a
P 305.31
_b
GAM
245
_a
Gamit panlalake(Mga).
650
_a
Clothing--Poster
999
_c
116294
_d
116294